00626nam a22001817a 4500003000500000005001700005008004100022010001000063011001000073035001000083040000900093082001900102100002700121245020000148260004800348300001000396650003800406CHAP20220329140648.0971013s1894 r 00010 d a55600 a56572 a60725 cCHAP a972.6bA1 189300aYucatán. Gobernador. aMensaje leído ante la representación popular del estado por el gobernador constitucional del mismo, Daniel Traconis, al abrirse el primer período de sesiones ordinarias de la XV legislatura aMérida :bTipografía de G. Canto,c1894 a20 p.14aYucatánxPolítica y gobierno.